[Event "St Petersburg Korchnoi Memorial op"]
[Site "St Petersburg"]
[Date "2018.08.20"]
[Round "6"]
[White "Rogotskij, Yurij"]
[Black "Nikolaev, Alexandr"]
[Result "1-0"]
[WhiteElo "2057"]
[BlackElo "1765"]
[PlyCount "89"]
[EventDate "2018.08.15"]
[EventType "swiss"]
[EventRounds "9"]
[EventCountry "RUS"]
[SourceTitle "CBM 186 Extra"]
[Source "ChessBase"]
[SourceDate "2018.08.24"]
[SourceVersion "1"]
[SourceVersionDate "2018.08.24"]
[SourceQuality "1"]

1. d4 d5 2. c4 c6 3. Nf3 Nf6 4. Nc3 e6 5. Bg5 h6 6. Bxf6 Qxf6 7. e3 dxc4 8. Bxc4 b5 9. Bd3 Bb7 10. Ne5 a6 11. Ne4 Qd8 12. 0-0 Be7 13. Rc1 0-0 14. Bb1 f5 15. Nc5 Bxc5 16. Rxc5 Qf6 17. Bd3 Rd8 18. Be2 g6 19. Bf3 Nd7 20. Nxd7 Rxd7 21. Bxc6 Bxc6 22. Rxc6 Qe7 23. Qf3 Raa7 24. Rfc1 Kh7 25. Qg3 Qe8 26. Qe5 Re7 27. h4 Qd7 28. g3 Qd5 29. Qxd5 exd5 30. Rd6 Rec7 31. Rc5 Rxc5 32. dxc5 Rc7 33. Rxd5 b4 34. Kf1 Kg7 35. Ke2 Kf7 36. Kd3 Rc6 37. Kc4 Ke6 38. Rd6+ Rxd6 39. cxd6 Kxd6 40. Kxb4 Ke5 41. f3 g5 42. hxg5 hxg5 43. Kc4 g4 44. fxg4 fxg4 45. Kd3 1-0